Á lódáil...

Keralam padhinajum pathinarum noottadukalil /

Sonraí Bibleagrafaíochta
Príomhúdar: Velayudhan P.
Formáid: Printed Book
Teanga:Malayalam
Foilsithe: Velayudhan , 1963.
LEADER 00425nam a2200133Ia 4500
008 150624b xxu||||| |||| 00| | mal d
100 |a Velayudhan P. 
245 |c Velayudhan P.  |a Keralam padhinajum pathinarum noottadukalil / 
260 |b Velayudhan ,  |c 1963. 
300 |a 183 p. 
546 |a In Malayalam. 
942 |c BK 
999 |c 71678  |d 71678 
952 |0 1  |1 0  |4 0  |7 0  |9 71640  |a UL  |b UL  |c ST1  |d 1998-09-15  |l 0  |p 1656  |r 2012-10-27  |v 2.50  |w 2012-10-27  |y BK